000 00572nam a22001817a 4500
008 160929b xxu||||| |||| 00| 0 eng d
020 _a9710860895
082 _22000
_aDFil 621.381
_bF15
100 _915489
_aFaina, Juanito S.
245 _aPractical electronics projects and trouble shooting/
_cJuanito S. Faina
250 _aThird edition
260 _aMandaluyong City:
_bNational Book Store,
_cc2000.
300 _avi, 151 pages:
_billustrations;
_c26 cm.
500 _aIncludes index.
650 0 _915490
_aElectronics
365 _b460.65
_cPhp.
942 _2ddc
_cDFIL
999 _c4918
_d4918